00409nam a2200121Ia 4500008004100000100002400041245002200065245004500087260000900132856005400141999001900195952007300214160531s9999 xx 000 0 und d aRustamov, Rustam B. aEarth Observation cby Rustam B. Rustamov, Saida E. Salahova c2012 uhttp://www.intechopen.com/books/earth-observation c295072d295072 001040aCLbCLd2016-05-31l0r2016-05-31 00:00:00w2016-05-31yCBE